000 00278nam a2200109Ia 4500
008 220204s9999 xx 000 0 und d
082 _a82-34
_bSHA
100 _aShankar
245 0 _aTreasury of Indian tales. Book II
260 _aDelhi
_bChildrens Book trust
_c1969
942 _cBK
999 _c31496
_d31496